[Event "Titled Tuesday intern op 02nd Apr Early"]
[Site "Chess.com INT"]
[Date "2024.04.02"]
[Round "1"]
[White "Danielyan, Vahe"]
[Black "Nikulina, Alena"]
[Result "1-0"]
[WhiteElo "2331"]
[BlackElo "1906"]
[PlyCount "79"]
[EventDate "2024.04.02"]
[EventType "swiss (blitz)"]
[EventRounds "11"]
[EventCountry "USA"]
[SourceTitle "CB15_2024"]
[SourceDate "2024.04.10"]
[SourceVersion "1"]
[SourceVersionDate "2024.04.10"]
[SourceQuality "1"]

1. Nf3 d5 2. g3 c5 3. Bg2 Nc6 4. d4 e6 5. 0-0 Nf6 6. c4 Be7 7. cxd5 exd5 8. Nc3 0-0 9. Bg5 h6 10. Bxf6 Bxf6 11. dxc5 Be6 12. Rc1 Qa5 13. Qd2 Qxc5 14. Ne4 Qe7 15. Nxf6+ Qxf6 16. Rfd1 Rfd8 17. Nd4 Rac8 18. e3 a6 19. b3 Ne7 20. Qb4 b5 21. Qa5 Bg4 22. Re1 Rxc1 23. Rxc1 Rc8 24. Rxc8+ Bxc8 25. Qd8+ Kh7 26. Bxd5 Bh3 27. Be4+ g6 28. Bg2 Bxg2 29. Kxg2 Qe5 30. Qa8 Qd6 31. Qf3 Nd5 32. Qxf7+ Kh8 33. Ne6 Qe7 34. Qxe7 Nxe7 35. Nc7 Nc6 36. Nxa6 Kg7 37. Kf3 Kf6 38. Ke4 Ke6 39. Nc5+ Kd6 40. Nd3 1-0

[Event "Titled Tuesday intern op 12th Mar Early"]
[Site "Chess.com INT"]
[Date "2024.03.12"]
[Round "4"]
[White "Leve, Nitai D"]
[Black "Nikulina, Alena"]
[Result "1-0"]
[WhiteElo "2128"]
[BlackElo "1906"]
[PlyCount "55"]
[EventDate "2024.03.12"]
[EventType "swiss (blitz)"]
[EventRounds "11"]
[EventCountry "USA"]
[SourceTitle "CB12_2024"]
[SourceDate "2023.10.01"]
[SourceVersion "1"]
[SourceVersionDate "2023.10.01"]
[SourceQuality "1"]

1. e3 e5 2. d4 exd4 3. exd4 d5 4. Bd3 Nf6 5. f4 Bd6 6. Nf3 c5 7. c3 Nc6 8. 0-0 0-0 9. Ne5 Ne4 10. Nd2 f5 11. Ndf3 Bd7 12. Nxc6 bxc6 13. Ne5 cxd4 14. cxd4 c5 15. Be3 c4 16. Bc2 Rb8 17. Qc1 Bb5 18. Rf3 c3 19. bxc3 Nxc3 20. Kh1 Ne4 21. Bb3 Rc8 22. Qd1 Bc4 23. Bxc4 dxc4 24. Qa4 c3 25. Qb3+ Kh8 26. Ng6+ hxg6 27. Rh3+ Qh4 28. Rxh4# 1-0

[Event "Titled Tuesday intern op 12th Mar Early"]
[Site "Chess.com INT"]
[Date "2024.03.12"]
[Round "10"]
[White "Nikulina, Alena"]
[Black "Melikhov, Evgeny V"]
[Result "0-1"]
[WhiteElo "1906"]
[BlackElo "2172"]
[PlyCount "60"]
[EventDate "2024.03.12"]
[EventType "swiss (blitz)"]
[EventRounds "11"]
[EventCountry "USA"]
[SourceTitle "CB12_2024"]
[SourceDate "2023.10.01"]
[SourceVersion "1"]
[SourceVersionDate "2023.10.01"]
[SourceQuality "1"]

1. e4 c5 2. Nf3 d6 3. c3 Nf6 4. h3 Bd7 5. Bd3 Bc6 6. Qe2 Nbd7 7. Bc2 e6 8. 0-0 Be7 9. d4 0-0 10. e5 Nd5 11. exd6 Bxd6 12. Ne5 Nxe5 13. dxe5 Be7 14. Qg4 Kh8 15. Nd2 f5 16. exf6 Nxf6 17. Qxe6 Bd5 18. Qe2 Bd6 19. f4 Qc7 20. Nf3 Rae8 21. Qd2 Be4 22. Bd1 c4 23. Ng5 Bd3 24. Rf3 h6 25. Bc2 Re2 26. Rxd3 Rxd2 27. Rxd2 hxg5 28. fxg5 Bc5+ 29. Kh1 Ne4 30. Rd1 Nf2+ 0-1

[Event "Titled Tuesday intern op 13th Feb Early"]
[Site "Chess.com INT"]
[Date "2024.02.13"]
[Round "8"]
[White "Nikulina, Alena"]
[Black "Fakhretdinova, Margarita"]
[Result "0-1"]
[WhiteElo "1844"]
[BlackElo "2153"]
[PlyCount "126"]
[EventDate "2024.02.13"]
[EventType "swiss (blitz)"]
[EventRounds "11"]
[EventCountry "USA"]
[SourceTitle "CB08_2024"]
[SourceDate "2024.02.21"]
[SourceVersion "1"]
[SourceVersionDate "2024.02.21"]
[SourceQuality "1"]

1. e4 c5 2. Nf3 d6 3. c3 Nf6 4. h3 Nc6 5. Bd3 e6 6. Bc2 Be7 7. 0-0 0-0 8. Re1 Rb8 9. d4 cxd4 10. cxd4 e5 11. d5 Na5 12. Nc3 Nc4 13. b3 Nb6 14. Be3 Bd7 15. Rc1 Re8 16. a4 Nh5 17. a5 Nc8 18. b4 Nf4 19. Bxf4 exf4 20. e5 dxe5 21. Nxe5 Bxb4 22. Qd3 g6 23. Re2 Bf5 24. Qc4 Qxa5 25. Bxf5 Nd6 26. Qxf4 Bxc3 27. Bd7 Rxe5 28. Rxe5 Bxe5 29. Qxe5 Qb6 30. Rd1 Rd8 31. Bg4 Re8 32. Qf6 Ne4 33. Qxb6 axb6 34. Bf3 Nd6 35. Rb1 b5 36. g3 Rc8 37. Kg2 Kg7 38. Rb2 Kf6 39. Be2 Rc5 40. Bf3 Ke5 41. Re2+ Kd4 42. Re7 b4 43. Rd7 Ke5 44. Re7+ Kd4 45. Rd7 Nb5 46. Bd1 Rc7 47. Rd8 Kc3 48. d6 Rc6 49. Ba4 Rxd6 50. Rc8+ Rc6 51. Rf8 b3 52. Bxb5 b2 53. Bd3 Kxd3 54. Rd8+ Kc2 55. Rd7 b1Q 56. Rxf7 Rc5 57. Rxh7 Qb5 58. Rh4 Qc6+ 59. Kh2 Kd2 60. Rd4+ Ke2 61. Rb4 Kxf2 62. Rb2+ Rc2 63. Rb3 Qg2# 0-1

[Event "Titled Tuesday intern op 16th Jan Early"]
[Site "Chess.com INT"]
[Date "2024.01.16"]
[Round "4"]
[White "Fu, Yihe Rebo"]
[Black "Nikulina, Alena"]
[Result "1-0"]
[WhiteElo "1938"]
[BlackElo "1844"]
[PlyCount "61"]
[EventDate "2024.01.16"]
[EventType "swiss (blitz)"]
[EventRounds "11"]
[EventCountry "USA"]
[SourceTitle "CB04_2024"]
[SourceDate "2023.10.16"]
[SourceVersion "1"]
[SourceVersionDate "2023.10.16"]
[SourceQuality "1"]

1. d4 d5 2. c4 dxc4 3. e3 Nf6 4. Bxc4 a6 5. Nc3 e6 6. Nf3 b5 7. Bd3 Bb7 8. 0-0 c5 9. dxc5 Bxc5 10. Qe2 0-0 11. Bc2 Nc6 12. b3 Nb4 13. Bb1 Rc8 14. Bb2 Qe7 15. a3 Nbd5 16. Nxd5 Bxd5 17. Bc2 Rfd8 18. Rfd1 Ne4 19. b4 Ba7 20. Nd4 Bb8 21. Bxe4 Bxe4 22. Qg4 f5 23. Qh3 Qg5 24. Nxe6 Rxd1+ 25. Rxd1 Qe7 26. Nxg7 Rc2 27. Bd4 Ra2 28. Nh5 Qg5 29. Nf6+ Kf7 30. Qxh7+ Ke6 31. Qd7# 1-0

[Event "Titled Tuesday intern op 09th Jan Early"]
[Site "Chess.com INT"]
[Date "2024.01.09"]
[Round "11"]
[White "Nikulina, Alena"]
[Black "Pogorelskikh, Sofia"]
[Result "0-1"]
[WhiteElo "1844"]
[BlackElo "2198"]
[PlyCount "140"]
[EventDate "2024.01.09"]
[EventType "swiss (blitz)"]
[EventRounds "11"]
[EventCountry "USA"]
[SourceTitle "CB03_2024"]
[SourceDate "2024.01.17"]
[SourceVersion "1"]
[SourceVersionDate "2024.01.17"]
[SourceQuality "1"]

1. e4 c5 2. Nf3 Nc6 3. d4 cxd4 4. Nxd4 Qb6 5. Nb3 e6 6. Be3 Qc7 7. Nc3 a6 8. Be2 Nf6 9. 0-0 Bb4 10. Na4 Nxe4 11. Nb6 Rb8 12. Bd3 d5 13. Qg4 f5 14. Qh5+ g6 15. Qh6 Bf8 16. Qh4 Be7 17. Qh6 Bf6 18. c3 Ne7 19. a4 e5 20. Bxe4 fxe4 21. a5 Be6 22. Nc5 Bf7 23. Qh3 Bg7 24. Ne6 Bxe6 25. Qxe6 Qc6 26. Qxc6+ bxc6 27. Bc5 Nc8 28. b4 Kf7 29. Nxc8 Rbxc8 30. Bd6 Rhd8 31. Bc5 Rd7 32. Bb6 Ke6 33. Rfd1 d4 34. cxd4 exd4 35. Kf1 d3 36. f3 Bxa1 37. Rxa1 exf3 38. gxf3 d2 39. Rd1 Re8 40. Kf2 Kf5 41. Be3 Rd3 42. Bc5 Red8 43. h3 R8d5 44. Be3 Rb3 45. Bc5 Rdd3 46. Ke2 Rxf3 47. Rxd2 Rxh3 48. Rd8 Rh2+ 49. Bf2 Rb2+ 50. Ke3 Rbxf2 51. Rf8+ Kg4 52. Rxf2 Rxf2 53. Kxf2 h5 54. Kg2 h4 55. Kh2 h3 56. b5 cxb5 57. Kh1 Kg3 58. Kg1 g5 59. Kh1 g4 60. Kg1 Kh4 61. Kh1 g3 62. Kg1 g2 63. Kh2 Kg4 64. Kg1 b4 65. Kh2 b3 66. Kg1 b2 67. Kh2 g1Q+ 68. Kxg1 b1Q+ 69. Kh2 Qc2+ 70. Kg1 Qg2# 0-1

[Event "Titled Tuesday intern op 19th Dec Early"]
[Site "Chess.com INT"]
[Date "2023.12.19"]
[Round "9"]
[White "Nikulina, Alena"]
[Black "Golubenko, Valentina"]
[Result "0-1"]
[WhiteElo "1844"]
[BlackElo "2209"]
[PlyCount "122"]
[EventDate "2023.12.19"]
[EventType "swiss (blitz)"]
[EventRounds "11"]
[EventCountry "USA"]
[SourceTitle "CB52_2023"]
[SourceDate "2023.12.27"]
[SourceVersion "1"]
[SourceVersionDate "2023.12.27"]
[SourceQuality "1"]

1. e4 g6 2. d4 Bg7 3. Bc4 c6 4. Nf3 d5 5. exd5 cxd5 6. Bb5+ Nc6 7. c3 Bg4 8. h3 Bxf3 9. Qxf3 e6 10. 0-0 Nge7 11. Bg5 0-0 12. Nd2 Qb6 13. Bxc6 Nxc6 14. Nb3 a5 15. Nc5 Qc7 16. Bf6 b6 17. Nd3 b5 18. a3 b4 19. axb4 axb4 20. Bxg7 Kxg7 21. Nxb4 Nxb4 22. cxb4 Qb6 23. Qc3 Rab8 24. Ra4 Rfc8 25. Qd2 Rc4 26. Rd1 Qc6 27. Ra7 Rcxb4 28. Qf4 R8b7 29. Rc1 Qb6 30. Rc7 Qxc7 31. Qxc7 Rxc7 32. Rxc7 Rxb2 33. Ra7 Rb4 34. Kf1 Rxd4 35. Ke2 Kf6 36. Ke3 Re4+ 37. Kd3 Rf4 38. Ra2 Ke5 39. f3 Rd4+ 40. Ke3 f5 41. Ra7 f4+ 42. Ke2 h6 43. Ra6 Kf5 44. Rb6 Rc4 45. Rb2 e5 46. Kd3 Rd4+ 47. Ke2 g5 48. Ra2 Rc4 49. Kd3 Rb4 50. Rc2 Rb3+ 51. Ke2 e4 52. fxe4+ Kxe4 53. Ra2 d4 54. Ra4 Rb2+ 55. Kf1 Ke3 56. Kg1 d3 57. Ra8 Rb1+ 58. Kh2 d2 59. Re8+ Kf2 60. Rd8 d1Q 61. Rxd1 Rxd1 0-1

[Event "Titled Tuesday intern op 12th Dec Early"]
[Site "Chess.com INT"]
[Date "2023.12.12"]
[Round "7"]
[White "Nikulina, Alena"]
[Black "Franchini, Gabriele"]
[Result "1-0"]
[WhiteElo "1844"]
[BlackElo "2173"]
[PlyCount "75"]
[EventDate "2023.12.12"]
[EventType "swiss (blitz)"]
[EventRounds "11"]
[EventCountry "USA"]
[SourceTitle "CB51_2023"]
[SourceDate "2023.12.20"]
[SourceVersion "1"]
[SourceVersionDate "2023.12.20"]
[SourceQuality "1"]

1. e4 e6 2. d4 d5 3. exd5 exd5 4. c4 Bb4+ 5. Nc3 Nf6 6. Nf3 0-0 7. Bd3 dxc4 8. Bxc4 Bg4 9. 0-0 Bxf3 10. Qxf3 Qxd4 11. Qxb7 Qxc4 12. Qxa8 Nc6 13. Qb7 Bd6 14. Qb3 Qh4 15. h3 Nd4 16. Qd1 Rd8 17. Be3 Nf5 18. Qf3 g6 19. Rad1 Rb8 20. b3 Rb4 21. Nd5 Nxd5 22. Rxd5 Re4 23. Bxa7 Rf4 24. Qe2 Qg5 25. Be3 h5 26. Rxf5 Qxf5 27. Bxf4 Qxf4 28. g3 Qf5 29. Kg2 Kg7 30. Re1 h4 31. a4 hxg3 32. fxg3 Qg5 33. Qb2+ Kh7 34. Qf2 Qd5+ 35. Kh2 Qxb3 36. Re4 Kg7 37. Qd4+ Kh7 38. Rh4+ 1-0

[Event "Titled Tuesday intern op 12th Dec Early"]
[Site "Chess.com INT"]
[Date "2023.12.12"]
[Round "3"]
[White "Nikulina, Alena"]
[Black "Rosenberg, Evan"]
[Result "1-0"]
[WhiteElo "1844"]
[BlackElo "1926"]
[PlyCount "39"]
[EventDate "2023.12.12"]
[EventType "swiss (blitz)"]
[EventRounds "11"]
[EventCountry "USA"]
[SourceTitle "CB51_2023"]
[SourceDate "2023.12.20"]
[SourceVersion "1"]
[SourceVersionDate "2023.12.20"]
[SourceQuality "1"]

1. e4 e5 2. Nf3 Nc6 3. Bb5 Nf6 4. 0-0 Nxe4 5. Re1 Nd6 6. a4 Be7 7. Nc3 0-0 8. d4 exd4 9. Nd5 Bf6 10. Bf4 a6 11. Bd3 Re8 12. Nxf6+ Qxf6 13. Bxd6 Rxe1+ 14. Qxe1 Qxd6 15. Qe8+ Qf8 16. Bxh7+ Kxh7 17. Qxf8 b6 18. Qxf7 Bb7 19. Re1 Rd8 20. Re4 1-0

[Event "Titled Tuesday intern op 12th Dec Early"]
[Site "Chess.com INT"]
[Date "2023.12.12"]
[Round "10"]
[White "Nikulina, Alena"]
[Black "Sarkar, Justin"]
[Result "1-0"]
[WhiteElo "1844"]
[BlackElo "2272"]
[PlyCount "57"]
[EventDate "2023.12.12"]
[EventType "swiss (blitz)"]
[EventRounds "11"]
[EventCountry "USA"]
[SourceTitle "CB51_2023"]
[SourceDate "2023.12.20"]
[SourceVersion "1"]
[SourceVersionDate "2023.12.20"]
[SourceQuality "1"]

1. e4 Nc6 2. d4 d5 3. e5 f6 4. exf6 exf6 5. Nf3 Bd6 6. Bd3 Nge7 7. c4 Bb4+ 8. Nc3 Bg4 9. 0-0 0-0 10. Be3 dxc4 11. Bxc4+ Kh8 12. a3 Bd6 13. h3 Bh5 14. g4 Bf7 15. Bd3 Nd5 16. Nh4 Nf4 17. Bxf4 Bxf4 18. Ne2 Bg5 19. Nf3 Bd5 20. Nxg5 fxg5 21. Bc2 Qf6 22. Qd3 g6 23. Ng3 Rae8 24. Nh5 Qf7 25. Ng3 Qg7 26. Qd2 Rf3 27. Rae1 Nxd4 28. Rxe8+ Bg8 29. Bd1 1-0

[Event "Titled Tuesday intern op 26th Sep Early"]
[Site "Chess.com INT"]
[Date "2023.09.26"]
[Round "10"]
[White "Nikulina, Alena"]
[Black "Ezat, Mohamed Mahmoud"]
[Result "0-1"]
[WhiteElo "1844"]
[BlackElo "2382"]
[PlyCount "60"]
[EventDate "2023.09.26"]
[EventType "swiss (blitz)"]
[EventRounds "11"]
[EventCountry "USA"]
[SourceTitle "EXT 2024"]
[Source "ChessBase"]
[SourceDate "2023.10.10"]
[SourceVersion "1"]
[SourceVersionDate "2023.10.10"]
[SourceQuality "1"]

1. e4 Nf6 2. e5 Nd5 3. d4 d6 4. Bc4 Nb6 5. Bb3 dxe5 6. Qh5 e6 7. dxe5 Nc6 8. Nf3 g6 9. Qg4 Bg7 10. Bg5 Qd7 11. Bf6 Bxf6 12. exf6 Nd5 13. Bxd5 Qxd5 14. Nc3 Qa5 15. 0-0 Ne5 16. Qf4 Nxf3+ 17. Qxf3 Qb6 18. b3 Bd7 19. Rad1 Bc6 20. Qf4 Qc5 21. Rd3 Rd8 22. Re1 Rxd3 23. cxd3 Qxc3 24. Rc1 Qb2 25. h4 h6 26. Kh2 g5 27. Qxc7 Qxf6 28. Qc8+ Ke7 29. Qc7+ Kf8 30. f3 Kg7 0-1

[Event "Titled Tuesday intern op 26th Sep Early"]
[Site "Chess.com INT"]
[Date "2023.09.26"]
[Round "3"]
[White "Nikulina, Alena"]
[Black "Mejia, Cherry Ann"]
[Result "1-0"]
[WhiteElo "1844"]
[BlackElo "1918"]
[PlyCount "107"]
[EventDate "2023.09.26"]
[EventType "swiss (blitz)"]
[EventRounds "11"]
[EventCountry "USA"]
[SourceTitle "EXT 2024"]
[Source "ChessBase"]
[SourceDate "2023.10.10"]
[SourceVersion "1"]
[SourceVersionDate "2023.10.10"]
[SourceQuality "1"]

1. e4 c5 2. Nf3 Nc6 3. d4 cxd4 4. Nxd4 Qb6 5. Nb3 Nf6 6. Be3 Qc7 7. Nc3 e6 8. Bd3 a6 9. 0-0 b5 10. f4 d6 11. a4 b4 12. Ne2 Bb7 13. Qe1 Be7 14. Qg3 0-0 15. a5 Rfe8 16. Bb6 Qb8 17. Nbd4 Bf8 18. Rae1 Nd7 19. Nxc6 Bxc6 20. Bd4 e5 21. Be3 Bb5 22. f5 Bxd3 23. cxd3 f6 24. Rc1 Qb5 25. Rc7 Rac8 26. Rfc1 Nc5 27. Rxc8 Rxc8 28. Bxc5 Rxc5 29. Rxc5 dxc5 30. Qe3 Qxa5 31. b3 Qa1+ 32. Kf2 Qb1 33. Nc1 Qc2+ 34. Kg3 a5 35. h4 a4 36. bxa4 Qxa4 37. Qd2 Qa1 38. Qc2 Qd4 39. Qb3+ Kh8 40. Kf3 Qd7 41. Ne2 g6 42. g4 Kg7 43. Qc4 Qb7 44. Nc1 Qa7 45. Nb3 h5 46. g5 fxg5 47. hxg5 gxf5 48. exf5 Qb7+ 49. Kg3 Qc7 50. Qe6 e4+ 51. Kh3 exd3 52. f6+ Kh7 53. Qf5+ Kh8 54. f7 1-0

[Event "Titled Tuesday intern op 15th Aug Early"]
[Site "Chess.com INT"]
[Date "2023.08.15"]
[Round "1"]
[White "Nadanian, Ashot S"]
[Black "Nikulina, Alena"]
[Result "1-0"]
[WhiteElo "2279"]
[BlackElo "1844"]
[PlyCount "93"]
[EventDate "2023.08.15"]
[EventType "swiss (blitz)"]
[EventRounds "11"]
[EventCountry "USA"]
[SourceTitle "EXT 2024"]
[Source "ChessBase"]
[SourceDate "2023.10.10"]
[SourceVersion "1"]
[SourceVersionDate "2023.10.10"]
[SourceQuality "1"]

1. e4 c5 2. d3 g6 3. g3 Bg7 4. Bg2 d6 5. f4 Nc6 6. Nf3 e6 7. 0-0 Nge7 8. c3 0-0 9. Be3 a6 10. Nbd2 b5 11. d4 cxd4 12. cxd4 Bb7 13. Re1 Rc8 14. a3 Na5 15. Bf2 d5 16. e5 Nc4 17. b3 Nb6 18. Bf1 Qd7 19. b4 Nc4 20. Nb3 Nf5 21. Nc5 Qc6 22. g4 Nh6 23. h3 Kh8 24. Ra2 Rfd8 25. Bh4 Re8 26. Bf6 Ng8 27. Bxg7+ Kxg7 28. Rg2 f6 29. exf6+ Nxf6 30. Ne5 Nxe5 31. fxe5 Ne4 32. Bd3 Nxc5 33. bxc5 Rf8 34. Rf1 a5 35. Rgf2 b4 36. axb4 axb4 37. Rf6 Rxf6 38. exf6+ Kf7 39. Qd2 Qe8 40. Qxb4 Bc6 41. Qd2 e5 42. Qh6 e4 43. Qxh7+ Ke6 44. f7 Qf8 45. Qxg6+ Ke7 46. Ba6 Ra8 47. Qd6# 1-0

[Event "Titled Tuesday intern op 15th Aug Early"]
[Site "Chess.com INT"]
[Date "2023.08.15"]
[Round "6"]
[White "Nikulina, Alena"]
[Black "Li, Hui"]
[Result "1/2-1/2"]
[WhiteElo "1844"]
[BlackElo "1988"]
[PlyCount "222"]
[EventDate "2023.08.15"]
[EventType "swiss (blitz)"]
[EventRounds "11"]
[EventCountry "USA"]
[SourceTitle "EXT 2024"]
[Source "ChessBase"]
[SourceDate "2023.10.10"]
[SourceVersion "1"]
[SourceVersionDate "2023.10.10"]
[SourceQuality "1"]

1. e4 e5 2. Nf3 Nf6 3. d4 exd4 4. e5 Ne4 5. Qxd4 d5 6. exd6 Nxd6 7. Bd3 Nc6 8. Qf4 Be6 9. 0-0 Be7 10. Nc3 Qd7 11. Be3 Bf5 12. Rad1 Bxd3 13. Rxd3 Qf5 14. Nd5 Qxf4 15. Bxf4 0-0-0 16. Nxe7+ Nxe7 17. Rfd1 Nc4 18. b3 Rxd3 19. Rxd3 Nb6 20. c4 Ng6 21. Bg3 Rd8 22. Rxd8+ Kxd8 23. Kf1 c6 24. Ke2 Nd7 25. Ke3 Ke7 26. h4 h5 27. Ng5 f6 28. Ne4 Nge5 29. f3 b6 30. Be1 Ke6 31. Bc3 Nf7 32. Ng3 g6 33. Ne2 Nfe5 34. Nd4+ Ke7 35. g3 Nb8 36. Ne2 Nbd7 37. Bb4+ Kf7 38. Bd6 Nf8 39. Ba3 Ne6 40. Nf4 Nxf4 41. Kxf4 Nd3+ 42. Ke3 Ne5 43. Bd6 Ke6 44. Bb8 a6 45. Bc7 b5 46. cxb5 cxb5 47. Ke4 Nd7 48. Ba5 Nc5+ 49. Ke3 Kd5 50. Bb6 Nd7 51. Bd4 f5 52. a3 Nb8 53. Ba7 Nc6 54. Bb6 Ne5 55. Bd4 Nc6 56. Bf6 Ke6 57. Bc3 Kd5 58. Bf6 a5 59. Bc3 a4 60. bxa4 bxa4 61. Bb2 Ke6 62. Kd3 Kd5 63. Bc3 Nd8 64. Ba5 Ne6 65. Bc3 Nc5+ 66. Kc2 Kc4 67. Bb4 Nd3 68. Bc3 Nc5 69. Bf6 Ne6 70. Bc3 f4 71. gxf4 Nxf4 72. Be5 Nd5 73. Bg3 Ne3+ 74. Kd2 Nf5 75. Bf2 Nd4 76. Kc1 Nxf3 77. Be3 Ne5 78. Bg5 Nf3 79. Bf6 Nd4 80. Kb2 Nf5 81. Bg5 Kd3 82. Bd8 Ke4 83. Kc3 Nd4 84. Kb4 Nc2+ 85. Kxa4 Kf3 86. Kb3 Nd4+ 87. Kb4 Nc6+ 88. Kb5 Nxd8 89. a4 Nb7 90. Kb6 Nd6 91. Kc7 Nc4 92. Kc6 Kg4 93. Kb5 Nd6+ 94. Kb6 Kxh4 95. Kc6 Nc4 96. Kc5 Na5 97. Kb5 Nb3 98. Kb4 Nd4 99. Kc4 Nc6 100. Kb5 Na7+ 101. Ka6 Nc6 102. Kb6 Nb4 103. Kb5 Nd5 104. Kc5 Nc7 105. Kb6 Ne6 106. a5 Nf8 107. a6 Nd7+ 108. Kc7 Nc5 109. Kb6 Nd7+ 110. Kc7 Nc5 111. Kb6 Nd7+ 1/2-1/2